Brand logos for each letter - Statistics

General Stats
  • This quiz has been taken 21 times
  • The average score is 23 of 26
Answer Stats
Picture Answer % Correct
Domino's
100%
Facebook
100%
Gatorade
100%
Instagram
100%
Jetpunk
100%
Nike
100%
Puma
100%
American Airlines
95%
Hyundai
95%
Kentucky fried chicken
95%
Lays
95%
Red bull
95%
Taco bell
95%
Wikipedia
95%
Motorola
90%
Chick-fil-A
85%
Old spice
85%
VISA
85%
Verizon
80%
Bass pro
75%
Qantas
75%
Yamaha
75%
Skoda
65%
United airlines
65%
EPL
55%
Xerox
50%
No matching quizzes found
Score Distribution
Percent of People with Each Score
Percentile by Number Answered
Your Score History
You have not taken this quiz